Photobiology : the science of light and life /
Saved in:
| Other Authors: | |
|---|---|
| Format: | Book |
| Language: | English |
| Published: |
Dordrecht ; Boston :
Kluwer Academic Publishers,
c2002.
|
| Subjects: | |
| Tags: |
Add Tag
No Tags, Be the first to tag this record!
|
| LEADER | 01923nam a2200289 a 4500 | ||
|---|---|---|---|
| 001 | 008996830-1 | ||
| 005 | 20160409203844.0 | ||
| 008 | 020807s2002 ne a b 001 0 eng | ||
| 010 | |a 2002028361 | ||
| 020 | |a 1402008422 (alk. paper) | ||
| 035 | 0 | |a ocm50410384 | |
| 040 | |a DLC |c DLC |d DLC | ||
| 042 | |a pcc | ||
| 050 | 0 | 0 | |a QH515 |b .P467 2002 |
| 060 | 0 | 0 | |a 2003 H-128 |
| 060 | 1 | 0 | |a QH 515 |b P5755 2002 |
| 082 | 0 | 0 | |a 571.4/55 |2 21 |
| 245 | 0 | 0 | |a Photobiology : |b the science of light and life / |c edited by Lars Olof Björn. |
| 260 | |a Dordrecht ; |a Boston : |b Kluwer Academic Publishers, |c c2002. | ||
| 300 | |a xii, 451 p. : |b ill. ; |c 25 cm. | ||
| 504 | |a Includes bibliographical references and index. | ||
| 505 | 0 | 0 | |t The Nature of Light and its Interaction with Matter / |r Lars Olof Bjorn -- |t Principles and Nomenclature for the Quantification of light / |r Lars Olof Bjorn -- |t Generation and Control of Light / |r Lars Olof Bjorn -- |t The Measurement of Light / |r Lars Olof Bjorn -- |t Natural Light / |r Lars Olof Bjorn -- |t Action Spectroscopy in Biology / |r Lars Olof Bjorn -- |t Spectral Tuning in Biology / |r Lars Olof Bjorn -- |t The Photochemical Reactions in Biological Light Perception and Regulation / |r Lars Olof Bjorn -- |t The Design of the Compound Eye / |r G. Adrian Horridge -- |t Phototoxicity / |r Lars Olof Bjorn, Pirjo Huovinen -- |t Ozone Depletion and Effects of Ultraviolet Radiation / |r Lars Olof Bjorn, Richard L. McKenzie -- |t Vitamin D / |r Lars Olof Bjorn -- |t The Photobiology of Human Skin / |r Mary Norval -- |t Photomorphogenesis and Photoperiodism in Plants / |r Jim L. Weller, Richard E. Kendrick -- |t The Biological Clock and its Resetting by Light / |r Anders Johnsson, Wolfgang Engelmann -- |t Bioluminescence / |r Lars Olof Bjorn -- |t Hints for Teaching Experiments and Demonstrations / |r Lars Olof Bjorn. |
| 650 | 1 | 2 | |a Photobiology. |
| 650 | 0 | |a Photobiology. | |
| 700 | 1 | |a Björn, Lars Olof, |d 1936- | |
| 988 | |a 20030317 | ||
| 906 | |0 DLC | ||


